<?xml version="1.0" encoding="UTF-8"?>
<collection xmlns="http://www.loc.gov/MARC21/slim">
 <record>
  <leader>02119nam a2200205Ia 4500</leader>
  <controlfield tag="001">CTU_171838</controlfield>
  <controlfield tag="008">210402s9999    xx            000 0 und d</controlfield>
  <datafield tag="082" ind1=" " ind2=" ">
   <subfield code="a">378.1542</subfield>
  </datafield>
  <datafield tag="082" ind1=" " ind2=" ">
   <subfield code="b">W927</subfield>
  </datafield>
  <datafield tag="110" ind1=" " ind2=" ">
   <subfield code="a">The World Bank in Vietnam (WB)</subfield>
  </datafield>
  <datafield tag="245" ind1=" " ind2="4">
   <subfield code="a">The Vietnam:second higher education project =</subfield>
  </datafield>
  <datafield tag="245" ind1=" " ind2="0">
   <subfield code="b">Dự án giáo dục Đại học II</subfield>
  </datafield>
  <datafield tag="245" ind1=" " ind2="4">
   <subfield code="c">The World Bank in Vietnam (WB)</subfield>
  </datafield>
  <datafield tag="260" ind1=" " ind2=" ">
   <subfield code="a">Ha Noi</subfield>
  </datafield>
  <datafield tag="260" ind1=" " ind2=" ">
   <subfield code="b">The World Bank in Vietnam (WB)</subfield>
  </datafield>
  <datafield tag="260" ind1=" " ind2=" ">
   <subfield code="c">2006</subfield>
  </datafield>
  <datafield tag="520" ind1=" " ind2=" ">
   <subfield code="a">The Second Higher Education Project (HEP2) aims to increase the quality of teaching and research in universities in ways that improve the employability of graduates and the relevance of research in Vietnam. The project will achieve its objective through: (i) developing policy and building capacity at the central government level in the areas of governance, financing and quality assurance; and (ii) building capacity, relevance and autonomy at the university level. HEP2 comprises of three components, with the first being capacity building for policy development. It aims to develop policy and build capacity in policy development in the key areas of: (a) the organization of the higher education system and its governance at central and higher level institutions (HEI) levels; (b) the public supply- and demand-side finding of higher education; and (c) quality of students at entry and quality of services provided by HEIs. The second component is the capacity building for the university teaching and research. This component is designed to strengthen teaching and research in selected universities, by: (i) building management capacity in universities; and (ii) financing teaching and research innovation grant (TRIG) sub-projects in two groups of selected universities. The third component is the project management, monitoring and evaluation. It aims to support and ensure a smooth and effective implementation of the project.</subfield>
  </datafield>
  <datafield tag="650" ind1=" " ind2=" ">
   <subfield code="a">Universities and colleges,Đại học và cao đẳng</subfield>
  </datafield>
  <datafield tag="904" ind1=" " ind2=" ">
   <subfield code="i">Kiều Trang, Ngoc Anh, Trọng Hiếu</subfield>
  </datafield>
  <datafield tag="980" ind1=" " ind2=" ">
   <subfield code="a">Trung tâm Học liệu Trường Đại học Cần Thơ</subfield>
  </datafield>
 </record>
</collection>
